[Event "Marburg op"]
[Site "Marburg"]
[Date "2024.10.27"]
[Round "6"]
[White "Besou, Hussain"]
[Black "Roth, Jakob"]
[Result "1-0"]
[WhiteElo "2350"]
[BlackElo "2078"]
[PlyCount "77"]
[EventDate "2024.10.24"]
[EventType "swiss"]
[EventRounds "7"]
[EventCountry "GER"]
[SourceTitle "CB16_2025"]
[SourceDate "2025.04.16"]
[SourceVersion "1"]
[SourceVersionDate "2025.04.16"]
[SourceQuality "1"]

1. e4 e6 2. d4 d5 3. e5 c5 4. c3 Nc6 5. Nf3 Bd7 6. Be2 Nge7 7. a3 Nf5 8. b4 cxd4 9. cxd4 Rc8 10. Bb2 Be7 11. Nc3 0-0 12. 0-0 f6 13. Rc1 fxe5 14. dxe5 Be8 15. h3 Bg6 16. Na4 Nb8 17. Nd4 Rxc1 18. Qxc1 Nxd4 19. Bxd4 Nc6 20. Bb2 d4 21. Rd1 d3 22. Bxd3 Bxd3 23. Qe3 Qe8 24. Qxd3 Nxb4 25. Qb3 Nd5 26. Nc3 Nf4 27. Qxb7 Qg6 28. Kh2 Bc5 29. Rd2 Qg5 30. Rc2 Nd3 31. Ne4 Qf4+ 32. g3 Qf3 33. Nxc5 Nxc5 34. Qxf3 Rxf3 35. Bd4 Ne4 36. Be3 h6 37. h4 g5 38. Rc4 gxh4 39. gxh4 1-0

[Event "Marburg op"]
[Site "Marburg"]
[Date "2024.10.27"]
[Round "7"]
[White "Roth, Jakob"]
[Black "Scholz, Alexander1"]
[Result "1-0"]
[WhiteElo "2078"]
[BlackElo "1949"]
[PlyCount "67"]
[EventDate "2024.10.24"]
[EventType "swiss"]
[EventRounds "7"]
[EventCountry "GER"]
[SourceTitle "CB16_2025"]
[SourceDate "2025.04.16"]
[SourceVersion "1"]
[SourceVersionDate "2025.04.16"]
[SourceQuality "1"]

1. d4 Nf6 2. c4 g6 3. Nc3 Bg7 4. e4 d6 5. Be2 0-0 6. Nf3 e5 7. 0-0 Na6 8. Be3 Qe8 9. d5 Nc5 10. Nd2 a5 11. b3 h5 12. f3 Bd7 13. a3 h4 14. b4 Na6 15. Qb3 b6 16. c5 bxc5 17. Bxa6 Rxa6 18. bxc5 Qa8 19. c6 Rb8 20. Qc4 Bc8 21. Rfb1 Ne8 22. Rxb8 Qxb8 23. Rb1 Qa8 24. a4 Bf6 25. Rb5 Bd8 26. Qa2 Rb6 27. Nc4 Ba6 28. Nxb6 cxb6 29. Rb2 h3 30. g3 f5 31. Qb3 f4 32. Bxb6 fxg3 33. hxg3 Nc7 34. Be3 1-0

[Event "Marburg op"]
[Site "Marburg"]
[Date "2024.10.24"]
[Round "1"]
[White "Robinson, Jack"]
[Black "Roth, Jakob"]
[Result "0-1"]
[WhiteElo "1816"]
[BlackElo "2078"]
[PlyCount "108"]
[EventDate "2024.10.24"]
[EventType "swiss"]
[EventRounds "7"]
[EventCountry "GER"]
[SourceTitle "CB16_2025"]
[SourceDate "2025.04.16"]
[SourceVersion "1"]
[SourceVersionDate "2025.04.16"]
[SourceQuality "1"]

1. d4 Nf6 2. c4 g6 3. Nc3 Bg7 4. f3 0-0 5. e4 d6 6. Be3 c5 7. d5 e6 8. Qd2 exd5 9. cxd5 Nbd7 10. Nh3 Ne5 11. Nf2 a6 12. a4 Qa5 13. Be2 b5 14. 0-0 b4 15. Nb1 Re8 16. b3 Qc7 17. Ra2 h5 18. Rc2 Qb7 19. Nd3 Nxd3 20. Bxd3 Nxd5 21. Kh1 Nxe3 22. Qxe3 Qe7 23. Nd2 Bb7 24. Qf2 Bd4 25. Qg3 h4 26. Qe1 Kg7 27. Nc4 d5 28. Na5 dxe4 29. Bc4 exf3 30. Qxe7 fxg2+ 31. Rxg2 Bxg2+ 32. Kxg2 Rxe7 33. Nc6 Rc7 34. Nxd4 cxd4 35. Rf4 Rd8 36. Rf3 a5 37. Rd3 Re7 38. Kf2 Rd6 39. Kf3 Rf6+ 40. Kg2 Re2+ 41. Kh3 Re3+ 42. Kg4 Rxd3 43. Bxd3 Rf2 44. h3 Rd2 45. Bc4 Rc2 46. Bd5 Rc3 47. Kf4 f5 48. Be6 Kf6 49. Bxf5 Rf3+ 50. Kxf3 Kxf5 51. Ke2 Ke4 52. Kd2 d3 53. Kd1 Ke3 54. Ke1 g5 0-1

[Event "Mittelfrank Regionalliga Nord-West 2223"]
[Site "Mittelfranken"]
[Date "2022.12.11"]
[Round "4.1"]
[White "Roth, Jakob"]
[Black "Stierhof, Michael"]
[Result "0-1"]
[WhiteElo "2165"]
[BlackElo "2079"]
[PlyCount "76"]
[EventDate "2022.10.09"]
[EventType "team-tourn"]
[EventRounds "9"]
[EventCountry "GER"]
[SourceTitle "EXT 2024"]
[Source "ChessBase"]
[SourceDate "2023.10.10"]
[SourceVersion "1"]
[SourceVersionDate "2023.10.10"]
[SourceQuality "1"]
[WhiteTeam "Stetten"]
[BlackTeam "Bamberg II"]
[WhiteTeamCountry "GER"]
[BlackTeamCountry "GER"]

1. d4 d5 2. c4 c6 3. Nf3 Nf6 4. e3 a6 5. Nc3 Bg4 6. h3 Bh5 7. g4 Bg6 8. Ne5 e6 9. cxd5 Nxd5 10. Bg2 Nd7 11. Nxg6 hxg6 12. 0-0 Bd6 13. Qf3 Qe7 14. e4 Nxc3 15. Qxc3 e5 16. Be3 exd4 17. Bxd4 Be5 18. f4 Bxd4+ 19. Qxd4 Qc5 20. Qxc5 Nxc5 21. Rad1 Ke7 22. Kf2 Rad8 23. Ke3 f6 24. Rxd8 Rxd8 25. Bf3 g5 26. fxg5 fxg5 27. Be2 g6 28. Bc4 Ne6 29. Bxe6 Kxe6 30. Rc1 Rh8 31. Rh1 Ke5 32. Rh2 c5 33. Rh1 c4 34. Rh2 b5 35. Rh1 b4 36. Rh2 Rd8 37. Rc2 Rd3+ 38. Ke2 Kd4 0-1

[Event "GER-chT U16"]
[Site "Aurich"]
[Date "2018.12.29"]
[Round "6.2"]
[White "Roth, Jakob"]
[Black "Wolf, Philipp"]
[Result "1/2-1/2"]
[WhiteElo "1883"]
[BlackElo "1913"]
[PlyCount "100"]
[EventDate "2018.12.27"]
[EventType "team-swiss"]
[EventRounds "7"]
[EventCountry "GER"]
[SourceTitle "CBM 188 Extra"]
[Source "ChessBase"]
[SourceDate "2019.02.28"]
[SourceVersion "1"]
[SourceVersionDate "2019.02.28"]
[SourceQuality "1"]
[WhiteTeam "Stetten"]
[BlackTeam "Stadtilm Blau Weiss"]
[WhiteTeamCountry "GER"]
[BlackTeamCountry "GER"]

1. d4 Nf6 2. c4 e6 3. Nc3 Bb4 4. e3 0-0 5. Bd3 d5 6. Nf3 c5 7. 0-0 cxd4 8. exd4 dxc4 9. Bxc4 b6 10. Qe2 Bb7 11. Rd1 Bxc3 12. bxc3 Qc7 13. Ne5 Bd5 14. Bb2 Bxc4 15. Qxc4 Qxc4 16. Nxc4 Rd8 17. Ne3 Na6 18. c4 Rd7 19. Kf1 Rad8 20. f3 Nb4 21. Ke2 Nc6 22. Nc2 Na5 23. Na3 Rc7 24. Rac1 Rdc8 25. Kd3 Ne8 26. Rc2 Nd6 27. Rdc1 Nc6 28. Bc3 Nf5 29. Rd2 Rd7 30. Ke4 Nd6+ 31. Kf4 Nf5 32. d5 Nce7 33. dxe6 Rxd2 34. exf7+ Kxf7 35. Bxd2 Rd8 36. Bc3 Rd3 37. Nb5 a6 38. Nc7 h6 39. Nxa6 g5+ 40. Kg4 Kg6 41. g3 Ne3+ 42. Kh3 h5 43. g4 hxg4+ 44. Kg3 N7f5+ 45. Kf2 Rxc3 46. Rxc3 Nd1+ 47. Ke1 Nxc3 48. fxg4 Nd6 49. c5 bxc5 50. Nxc5 Kf7 1/2-1/2

[Event "GER-chT U16"]
[Site "Aurich"]
[Date "2018.12.28"]
[Round "4.2"]
[White "Roth, Jakob"]
[Black "Gallasch, Robin"]
[Result "1-0"]
[WhiteElo "1883"]
[BlackElo "1902"]
[PlyCount "83"]
[EventDate "2018.12.27"]
[EventType "team-swiss"]
[EventRounds "7"]
[EventCountry "GER"]
[SourceTitle "CBM 188 Extra"]
[Source "ChessBase"]
[SourceDate "2019.02.28"]
[SourceVersion "1"]
[SourceVersionDate "2019.02.28"]
[SourceQuality "1"]
[WhiteTeam "Stetten"]
[BlackTeam "Porz SG"]
[WhiteTeamCountry "GER"]
[BlackTeamCountry "GER"]

1. d4 Nf6 2. c4 e6 3. Nc3 Bb4 4. e3 0-0 5. Bd3 d5 6. Nf3 b6 7. cxd5 exd5 8. 0-0 Bb7 9. Qc2 Nbd7 10. a3 Be7 11. Ne5 c5 12. f4 Rc8 13. Nxd7 Qxd7 14. Bf5 Qc6 15. Bxc8 Rxc8 16. Qe2 Ne4 17. Nxe4 dxe4 18. Bd2 Qa4 19. dxc5 bxc5 20. Bc3 Qa6 21. Qg4 Bf6 22. Bxf6 Qxf6 23. Rfd1 Rf8 24. Rd2 Ba6 25. Rc1 Bd3 26. Rxc5 Qb6 27. Qf5 g6 28. Qe5 f6 29. Qc3 Kg7 30. Kf2 Qe6 31. h3 Rf7 32. b4 h5 33. a4 Kh6 34. Rc6 Qd7 35. Rxf6 Rxf6 36. Qxf6 Qc8 37. f5 Qxf5+ 38. Qxf5 gxf5 39. Kg3 Kg5 40. h4+ Kf6 41. Kf4 a6 42. Rb2 1-0

[Event "Regionalliga Nord-West 1819"]
[Site "Bayern"]
[Date "2018.10.21"]
[Round "1.3"]
[White "Riemer, Ralf"]
[Black "Roth, Jakob"]
[Result "1/2-1/2"]
[WhiteElo "2084"]
[BlackElo "1973"]
[PlyCount "99"]
[EventDate "2018.10.21"]
[EventType "team-tourn"]
[EventRounds "9"]
[EventCountry "GER"]
[SourceTitle "EXT 2022"]
[Source "ChessBase"]
[SourceDate "2021.10.06"]
[SourceVersion "1"]
[SourceVersionDate "2021.10.06"]
[SourceQuality "1"]
[WhiteTeam "Bamberg SC II"]
[BlackTeam "Stetten"]
[WhiteTeamCountry "GER"]
[BlackTeamCountry "GER"]

1. Nf3 Nf6 2. c4 e6 3. g3 d5 4. b3 c6 5. Bg2 Bd6 6. Bb2 Nbd7 7. d4 0-0 8. 0-0 Re8 9. Nc3 Qc7 10. Rc1 a6 11. e4 Nxe4 12. Nxe4 dxe4 13. Ng5 Nf6 14. Nxe4 Nxe4 15. Bxe4 e5 16. c5 Bf8 17. dxe5 f5 18. Bb1 Be6 19. Qe2 Rad8 20. b4 Qf7 21. a3 f4 22. Qe4 g6 23. Qxf4 Qxf4 24. gxf4 Bh6 25. Rcd1 Bxf4 26. Rd6 Kf7 27. Re1 Ke7 28. Bc1 Rf8 29. Rxd8 Kxd8 30. Bxf4 Rxf4 31. Re3 Ke7 32. f3 Bd5 33. Kf2 Rh4 34. Kg3 g5 35. Bf5 Be6 36. Be4 h5 37. Bg6 Rh3+ 38. Kg2 g4 39. Be4 Bd5 40. Bxd5 cxd5 41. a4 Ke6 42. b5 axb5 43. axb5 d4 44. Rd3 Kxe5 45. c6 bxc6 46. bxc6 Rxf3 47. Rxf3 gxf3+ 48. Kxf3 Kd6 49. Ke4 Kxc6 50. Kxd4 1/2-1/2

[Event "Regionalliga Nord-West 1718"]
[Site "Bayern"]
[Date "2017.11.26"]
[Round "3.6"]
[White "Hanft, Michael"]
[Black "Roth, Jakob"]
[Result "0-1"]
[WhiteElo "1989"]
[BlackElo "1961"]
[PlyCount "92"]
[EventDate "2017.10.22"]
[EventType "team-tourn"]
[EventRounds "9"]
[EventCountry "GER"]
[SourceTitle "EXT 2022"]
[Source "ChessBase"]
[SourceDate "2021.10.06"]
[SourceVersion "1"]
[SourceVersionDate "2021.10.06"]
[SourceQuality "1"]
[WhiteTeam "Kitzingen SC"]
[BlackTeam "Stetten"]
[WhiteTeamCountry "GER"]
[BlackTeamCountry "GER"]

1. d4 d5 2. c4 c6 3. Nf3 Nf6 4. Nc3 e6 5. e3 Nbd7 6. Qc2 Bd6 7. b3 e5 8. cxd5 cxd5 9. Nb5 Bb8 10. Ba3 e4 11. Nd2 a6 12. Nd6+ Bxd6 13. Bxd6 Qb6 14. Ba3 Qa5 15. Bd6 Qb6 16. Qc7 Qxc7 17. Bxc7 Ke7 18. Be2 Ne8 19. Bg3 f5 20. a4 Nf8 21. Rc1 Ne6 22. Be5 Bd7 23. a5 Nd6 24. Bxd6+ Kxd6 25. 0-0 Rac8 26. b4 Rxc1 27. Rxc1 Rc8 28. Rxc8 Bxc8 29. b5 axb5 30. Bxb5 Bd7 31. Be2 Ba4 32. Nb1 Nc7 33. Nc3 Bc2 34. Nb5+ Nxb5 35. Bxb5 Bd3 36. Ba4 Kc7 37. f4 Kb8 38. Kf2 Ka7 39. Ke1 Ka6 40. Bd7 Kxa5 41. Kd2 Kb4 42. Bxf5 Ka3 43. Bg4 b5 44. Bd1 b4 45. g4 b3 46. Bxb3 Kxb3 0-1

[Event "GER-ch U25-A"]
[Site "Willingen"]
[Date "2017.06.07"]
[Round "6"]
[White "Pahl, Theis"]
[Black "Roth, Jakob"]
[Result "1-0"]
[WhiteElo "1692"]
[BlackElo "1895"]
[PlyCount "63"]
[EventDate "2017.06.04"]
[EventType "swiss"]
[EventRounds "9"]
[EventCountry "GER"]
[SourceTitle "CBM 178 Extra"]
[Source "ChessBase"]
[SourceDate "2017.06.22"]
[SourceVersion "1"]
[SourceVersionDate "2017.06.22"]
[SourceQuality "1"]

1. e4 e6 2. d4 d5 3. Nc3 Nf6 4. e5 Nfd7 5. f4 c5 6. Nf3 a6 7. Be3 Nc6 8. Qd2 b5 9. Nd1 Qc7 10. Be2 cxd4 11. Nxd4 Bc5 12. c3 Bb7 13. 0-0 Rc8 14. Nf2 Na5 15. b4 Bxd4 16. Bxd4 Nc4 17. Qc2 Ndb6 18. Nd3 Na4 19. Nc5 Nxc5 20. Bxc5 Qd8 21. Qd3 Qh4 22. Rae1 g5 23. f5 Nxe5 24. Qe3 f6 25. fxe6 h5 26. Rxf6 Qxe1+ 27. Rf1 Qh4 28. Qxe5 Rxc5 29. Qxh8+ Ke7 30. Qf8+ Kxe6 31. Qf7+ Ke5 32. Qf6+ 1-0

[Event "Regionalliga NW 1617"]
[Site "Bayern"]
[Date "2017.04.30"]
[Round "9.7"]
[White "Roth, Jakob"]
[Black "Kinkelin, Ulrich"]
[Result "0-1"]
[WhiteElo "1834"]
[BlackElo "1900"]
[PlyCount "112"]
[EventDate "2016.10.16"]
[EventType "team-tourn"]
[EventRounds "9"]
[EventCountry "GER"]
[SourceTitle "EXT 2019"]
[Source "ChessBase"]
[SourceDate "2018.10.10"]
[SourceVersion "1"]
[SourceVersionDate "2018.10.10"]
[SourceQuality "1"]
[WhiteTeam "Stetten"]
[BlackTeam "Wuerzburg"]
[WhiteTeamCountry "GER"]
[BlackTeamCountry "GER"]

1. d4 Nf6 2. c4 c5 3. d5 b5 4. cxb5 a6 5. bxa6 Bxa6 6. Nc3 d6 7. Nf3 g6 8. g3 Bg7 9. e4 Nbd7 10. Bxa6 Rxa6 11. 0-0 0-0 12. Qc2 Qb6 13. Bd2 e6 14. Rfd1 exd5 15. exd5 Qb7 16. Be3 Ng4 17. Bf4 Rfa8 18. Qe2 Rb6 19. Rd2 Nge5 20. Nxe5 Nxe5 21. Re1 Qa6 22. Bxe5 Bxe5 23. Kg2 Qa5 24. Rc1 Rab8 25. f4 Bd4 26. h4 Qa8 27. h5 Kg7 28. Re1 Qb7 29. Kf3 Rxb2 30. Rxb2 Qxb2 31. Qxb2 Rxb2 32. Ne4 f5 33. g4 fxe4+ 34. Rxe4 Rxa2 35. Re7+ Kg8 36. hxg6 Ra3+ 37. Ke2 hxg6 38. Re6 Kf7 39. Rxd6 Re3+ 40. Kd2 Re4 41. Rd7+ Re7 42. Rd6 Be3+ 43. Kd3 Bxf4 44. Rc6 Rc7 45. Kc4 Rxc6 46. dxc6 Bd6 47. Kd5 Ke7 48. g5 Kd8 49. Kxd6 c4 50. Ke5 c3 51. Kf6 c2 52. Kxg6 c1Q 53. Kf6 Qxc6+ 54. Kg7 Qd7+ 55. Kh6 Ke8 56. g6 Kf8 0-1

[Event "GER-ch U14"]
[Site "Willingen"]
[Date "2016.05.18"]
[Round "6"]
[White "Biermann, Florian"]
[Black "Roth, Jakob"]
[Result "1-0"]
[WhiteElo "1902"]
[BlackElo "1812"]
[PlyCount "113"]
[EventDate "2016.05.15"]
[EventType "swiss"]
[EventRounds "9"]
[EventCountry "GER"]
[SourceTitle "CBM 172 Extra"]
[Source "ChessBase"]
[SourceDate "2016.06.21"]
[SourceVersion "1"]
[SourceVersionDate "2016.06.21"]
[SourceQuality "1"]

1. g3 d5 2. Bg2 Nf6 3. Nf3 c6 4. d3 Nbd7 5. 0-0 e5 6. e4 Bd6 7. Nh4 Nc5 8. b4 Na6 9. a3 Be6 10. Nf5 Bxf5 11. exf5 Qb6 12. c4 c5 13. Qa4+ Qc6 14. b5 Qd7 15. Bg5 Nc7 16. Bxf6 gxf6 17. Nc3 Ke7 18. Bxd5 Qxf5 19. Bxb7 Rag8 20. Nd5+ Nxd5 21. Bxd5 Qd7 22. Bc6 Qc7 23. Rae1 h5 24. Qd1 Kf8 25. Qf3 Rg6 26. Be4 Rgh6 27. h4 Rg8 28. Qf5 Qe7 29. a4 Bc7 30. Ra1 Ba5 31. Kg2 Qe6 32. Qf3 Qg4 33. Qe3 Kg7 34. Qxc5 Bb6 35. Qb4 Bd4 36. Rac1 Kh8 37. Qd2 Kg7 38. c5 f5 39. Qg5+ Qxg5 40. hxg5 Rg6 41. Bxf5 Rxg5 42. Be4 f5 43. Bd5 Rc8 44. c6 Bb6 45. Be6 Rc7 46. Bd7 f4 47. Kf3 fxg3 48. fxg3 Kf6 49. Rc4 Rg7 50. Rh4 Rg5 51. Rfh1 Ke7 52. Rxh5 Rxh5 53. Rxh5 Kd6 54. g4 Bd4 55. Ke4 a5 56. g5 Kc5 57. g6 1-0

[Event "Forchheim op-B 14th"]
[Site "Forchheim"]
[Date "2015.10.04"]
[Round "4"]
[White "Roth, Jakob"]
[Black "Huber, Lukas"]
[Result "0-1"]
[WhiteElo "1770"]
[BlackElo "1894"]
[PlyCount "144"]
[EventDate "2015.10.02"]
[EventType "swiss"]
[EventRounds "5"]
[EventCountry "GER"]
[SourceTitle "EXT 2019"]
[Source "ChessBase"]
[SourceDate "2018.10.10"]
[SourceVersion "1"]
[SourceVersionDate "2018.10.10"]
[SourceQuality "1"]

1. d4 Nf6 2. c4 c5 3. d5 b5 4. cxb5 a6 5. bxa6 Bxa6 6. Nc3 g6 7. g3 d6 8. Bg2 Bg7 9. Nf3 0-0 10. 0-0 Nbd7 11. Re1 Ng4 12. Nd2 Qb6 13. h3 Nge5 14. f4 Nc4 15. Nxc4 Bxc4 16. Qc2 Rfb8 17. Qe4 Qb4 18. Qf3 Bd4+ 19. Kh2 Nf6 20. e4 Rxa2 21. Rxa2 Bxa2 22. g4 h6 23. h4 Bc4 24. g5 hxg5 25. hxg5 Nh5 26. e5 dxe5 27. fxe5 Ng7 28. Bh3 Qb3 29. d6 exd6 30. exd6 Qc2+ 31. Bg2 Ne6 32. Ne4 Kg7 33. Bf4 Nxf4 34. Qxf4 Qxb2 35. Nd2 Qc3 36. Bf3 Rb2 37. Kh3 Qxd2 38. Qxd2 Rxd2 39. d7 Bf2 40. Rd1 Be6+ 41. Kg2 Rxd1 42. Bxd1 Bxd7 43. Kxf2 f6 44. gxf6+ Kxf6 45. Be2 Ke5 46. Ke3 Bf5 47. Bf1 Be4 48. Bc4 g5 49. Be2 Bf5 50. Bf3 Be6 51. Be2 c4 52. Bd1 Kd5 53. Bf3+ Kc5 54. Kd2 Kd4 55. Kc2 Bf5+ 56. Kd2 c3+ 57. Kc1 g4 58. Bg2 Be4 59. Bf1 g3 60. Bh3 g2 61. Bxg2 Bxg2 62. Kc2 Be4+ 63. Kd1 Kc4 64. Kc1 Kb3 65. Kd1 Kb2 66. Ke2 c2 67. Kf2 c1Q 68. Kg3 Qf1 69. Kg4 Qf5+ 70. Kg3 Qf3+ 71. Kh4 Qg2 72. Kh5 Bf5 0-1

[Event "Forchheim op-B 14th"]
[Site "Forchheim"]
[Date "2015.10.02"]
[Round "1"]
[White "Weineck, Ekkehard"]
[Black "Roth, Jakob"]
[Result "0-1"]
[WhiteElo "1639"]
[BlackElo "1770"]
[PlyCount "82"]
[EventDate "2015.10.02"]
[EventType "swiss"]
[EventRounds "5"]
[EventCountry "GER"]
[SourceTitle "EXT 2019"]
[Source "ChessBase"]
[SourceDate "2018.10.10"]
[SourceVersion "1"]
[SourceVersionDate "2018.10.10"]
[SourceQuality "1"]

1. d4 d5 2. c4 c6 3. Nf3 Nf6 4. e3 Bf5 5. Nc3 e6 6. Be2 Bd6 7. 0-0 0-0 8. Bd2 h6 9. Rc1 Nbd7 10. h3 Rc8 11. a3 a6 12. b4 Re8 13. Re1 Bb8 14. a4 Ne4 15. cxd5 exd5 16. b5 axb5 17. axb5 Ndf6 18. bxc6 bxc6 19. Ba6 Rc7 20. Nxe4 Nxe4 21. Ba5 Qd6 22. Bxc7 Bxc7 23. Bd3 Re6 24. Qa4 Rg6 25. Ne5 Bxh3 26. g3 Qf6 27. Bxe4 dxe4 28. Rxc6 Bd6 29. Nxg6 fxg6 30. Qa6 Qf3 31. Qf1 Bxf1 32. Rxf1 Bxg3 33. fxg3 Qxg3+ 34. Kh1 Qh3+ 35. Kg1 Qxe3+ 36. Kh1 Qxd4 37. Rc8+ Kh7 38. Rff8 g5 39. Rc6 e3 40. Rcc8 e2 41. Rh8+ Kg6 0-1